|
|
|
|
| LEADER |
00000nam0a2200000 4500 |
| 001 |
234922 |
| 005 |
20231101231348.0 |
| 035 |
|
|
|a (RuTPU)RU\TPU\book\256051
|
| 090 |
|
|
|a 234922
|
| 100 |
|
|
|a 20130402d1930 k y0rusy50 ca
|
| 101 |
1 |
|
|a rus
|c eng
|
| 102 |
|
|
|a RU
|
| 105 |
|
|
|a a z 001zy
|
| 200 |
1 |
|
|a Влияние природного газа на добычу нефти
|e пер. с англ.
|f Г. К. Миллер
|
| 210 |
|
|
|a Москва
|a Ленинград
|c Нефтяное изд-во
|d 1930
|
| 215 |
|
|
|a 200 с.
|c ил.
|
| 606 |
1 |
|
|a Нефтегазопромысловая геохимия
|2 stltpush
|3 (RuTPU)RU\TPU\subj\45633
|9 64826
|
| 610 |
1 |
|
|a природный газ
|
| 610 |
1 |
|
|a нефть
|
| 610 |
1 |
|
|a добыча
|
| 610 |
1 |
|
|a нефтяные пласты
|
| 610 |
1 |
|
|a консервация
|
| 610 |
1 |
|
|a химические реакции
|
| 675 |
|
|
|a 622.276.03
|v 3
|
| 700 |
|
1 |
|a Миллер
|b Г. К.
|
| 801 |
|
1 |
|a RU
|b 63413507
|c 20130402
|
| 801 |
|
2 |
|a RU
|b 63413507
|c 20130403
|g RCR
|
| 942 |
|
|
|c BK
|